| 000 | 00982nam a22002537a 4500 | ||
|---|---|---|---|
| 001 | 8203 | ||
| 003 | FISKH | ||
| 005 | 20250902105013.0 | ||
| 008 | 250902b cb ||||| |||| 00| 0 eng d | ||
| 020 | _a027506930082 | ||
| 040 |
_aFISKH _beng _cFISKH _dFISKH |
||
| 082 | _a813.6 | ||
| 100 | _aAnonymous | ||
| 245 |
_aCassie's cage mystery : _bHandy Manny / |
||
| 260 |
_aFlorida : _bAdvance Publisher, _c2010. |
||
| 300 |
_a24 unnumberd pages : _bcolor illustrations ; _c23 cm |
||
| 505 | _aJ | ||
| 520 | _aCassie, the pet store owner, asks Handy Manny and his team of talking tools to build a large cage. The tools try to guess what kind of big animal it's for—maybe a giraffe, an elephant, or a snake! As they work, the mystery builds, and in the end, there's a fun surprise when the real purpose of the cage is revealed. | ||
| 521 | 8 |
_a500
_bLexile estimate |
|
| 521 | 8 |
_aJ
_bRaz-Plus |
|
| 650 | _aJuvenile Fiction | ||
| 942 |
_2ddc _cBK _n0 |
||
| 999 |
_c8203 _d8203 |
||